000 00320 a2200121 4500
001 149351
040 _cEscola São Tomás de Aquino
100 _aBARROS, Sônia
240 1 0 _aO segredo da xícara cor de nuvem
_lpor
245 1 0 _aO segredo da xícara cor de nuvem
697 _a*LITERATURA INFANTO JUVENIL
942 _cBK
999 _c149351
_d149351